Normal view MARC view
  • Mahathir bin Mohamad,

Entry Personal Name

Number of records used in: 14

001 - CONTROL NUMBER

  • control field: 5

003 - CONTROL NUMBER IDENTIFIER

  • control field: OSt

005 - DATE AND TIME OF LATEST TRANSACTION

  • control field: 20170412105512.0

008 - FIXED-LENGTH DATA ELEMENTS

  • fixed length control field: 170412|| aca||aabn | a|a d

040 ## - CATALOGING SOURCE

  • Original cataloging agency: OSt
  • Transcribing agency: OSt

100 ## - HEADING--PERSONAL NAME

  • Personal name: Mahathir bin Mohamad,
  • Titles and other words associated with a name: Dato' Seri,
  • Dates associated with a name: 1925-

670 ## - SOURCE DATA FOUND

  • Source citation: Work cat.: (OSt): Aziz Zariza Ahmad, 1954- 4, Mahathir's paradigm shift : , 1997
Pusat Sumber Maklumat Dato' Haji Sarmin Md Hussin, Akademi Kastam Diraja Malaysia, Melaka
Tel: 06-2331106 | Faks: 06-2313787